Black panther / (Record no. 59468)

MARC details
000 -LEADER
fixed length control field 01713nas a2200289 a 4500
005 - DATE AND TIME OF LATEST TRANSACTION
control field 20111215105858.0
010 ## - LCCN (DPL NO)
LC control number B-481963-968
020 ## - INTERNATIONAL STANDARD BOOK NUMBER
International Standard Book Number 9788181469885
Terms of availability 150.00
035 ## - SYSTEM CONTROL NUMBER
System control number B-481963-968
037 ## - SOURCE OF ACQUISITION
Source of stock number/acquisition Blue Berry/Ven
082 ## - DEWEY DECIMAL CLASSIFICATION NUMBER
Classification number S
100 ## - MAIN ENTRY--PERSONAL NAME
Personal name Aravind Kirsh Bala
245 ## - TITLE STATEMENT
Title Black panther /
Statement of responsibility, etc by Aravind Krish Bala; pictures by Ashok Rajagopalan
260 ## - PUBLICATION, DISTRIBUTION, ETC. (IMPRINT)
Name of publisher, distributor, etc Tulika Publishers
Date of publication, distribution, etc 2011
Place of publication, distribution, etc Chennai
270 ## - ADDRESS
Address 13, Prithvi Avenue, Abhiramapuram
City Chennai
Postal code 600018
300 ## - PHYSICAL DESCRIPTION
Extent Unpaged
Other physical details ill.
Dimensions 24cm(pbk)
700 ## - ADDED ENTRY--PERSONAL NAME
Personal name Rajagopalan, Ashok
9 (RLIN) 36968
942 ## - ADDED ENTRY ELEMENTS (KOHA)
Source of classification or shelving scheme Dewey Decimal Classification
Item type Children Books
Call number suffix ARA
Classification part S
Holdings
Withdrawn status Lost status Not for loan Collection code Home library Current library Date acquired Source of acquisition Cost, normal purchase price Full call number Barcode Copy number Cost, replacement price Koha item type
      Fiction Bawana Bawana 23/11/2012 Blue Berry/IN8486/14.04.2012/43/20.03.2012/19.06.2012 150.00 S ARA B-481967 1 150.00 Children Books
      Fiction Karol Bagh Karol Bagh 23/11/2012 Blue Berry/IN8486/14.04.2012/43/20.03.2012/19.06.2012 150.00 S ARA B-481964 1 150.00 Children Books
      Fiction Katevara Katevara 23/11/2012 Blue Berry/IN8486/14.04.2012/43/20.03.2012/19.06.2012 150.00 S ARA B-481968 1 150.00 Children Books
      Fiction Narela Narela 23/11/2012 Blue Berry/IN8486/14.04.2012/43/20.03.2012/19.06.2012 150.00 S ARA B-481966 1 150.00 Children Books
      Fiction New Rohtak Road New Rohtak Road 23/11/2012 Blue Berry/IN8486/14.04.2012/43/20.03.2012/19.06.2012 150.00 S ARA B-481965 1 150.00 Children Books
      Fiction Sarojini Nagar Sarojini Nagar 23/11/2012 Blue Berry/IN8486/14.04.2012/43/20.03.2012/19.06.2012 150.00 S ARA B-481963 1 150.00 Children Books

© Delhi Public Library
Hit Counter
free hit counter